Влияние модуляции магнитного поля на сигнал поглощения в амплитудно-меточном ЯМР-расходомере; Известия вузов. Физика; Т. 47, № 7

Détails bibliographiques
Parent link:Известия вузов. Физика/ Министерство общего и профессионального образования Российской Федерации ; Томский Госуниверситет.— , 1958-.— 0021-3411
Т. 47, № 7.— 2004.— с. 62-64
Auteur principal: Михайлов К. Г.
Autres auteurs: Семенов В. В.
Langue:russe
Publié: 2004
Collection:Физика магнитных явлений
Sujets:
Format: Chapitre de livre
KOHA link:https://koha.lib.tpu.ru/cgi-bin/koha/opac-detail.pl?biblionumber=420137

MARC

LEADER 00000naa2a2200000 4500
001 420137
005 20231101073331.0
035 |a (RuTPU)RU\TPU\prd\77620 
035 |a RU\TPU\prd\32482 
090 |a 420137 
100 |a 20100302a2004 k y0rusy50 ca 
101 0 |a rus 
102 |a RU 
200 1 |a Влияние модуляции магнитного поля на сигнал поглощения в амплитудно-меточном ЯМР-расходомере  |f К. Г. Михайлов, В. В. Семенов 
225 1 |a Физика магнитных явлений 
320 |a Библиогр.: 3 назв. 
461 1 |0 (RuTPU)RU\TPU\prd\191  |x 0021-3411  |t Известия вузов. Физика  |f Министерство общего и профессионального образования Российской Федерации ; Томский Госуниверситет  |d 1958- 
463 1 |0 (RuTPU)RU\TPU\prd\77609  |t Т. 47, № 7  |v с. 62-64  |d 2004 
610 1 |a ядерный магнитный резонанс 
610 1 |a магнитные поля 
610 1 |a поглощение 
610 1 |a параметры модуляции 
610 1 |a амплитудно-меточные ЯМР-расходомеры 
610 1 |a текущая жидкость 
610 1 |a считываемые сигналы 
675 |a 539.186.262  |v 3 
700 1 |a Михайлов  |b К. Г. 
701 1 |a Семенов  |b В. В. 
801 1 |a RU  |b 63413507  |c 20050207  |g PSBO 
801 2 |a RU  |b 63413507  |c 20101029  |g RCR 
942 |c BK